1953 1940 1656 1121 1242 1197 1611 1850 1239 1970 1596 1431 1636 1280 1006 1203 1345 1906 1172 1476 1592 1886 1394 1720 1899 1403 1525 1848 1345 1706 1647 1311 1052 1993 1243 1640 1141 1038 1261 1169 1447 1655 1407 1133 1630 1103 1750 1269 1632 1027 1729 1710 1193 1406 1506 1615 1147 1926 1771 1306 1900 1677 1826 1452 1207 1331 1147 1807 1790 1796 1788 1249 1679 1489 1234 1850 1206 1784 1473 1488 1715 1616 1861 1203 1634 1947 1409 1356 1371 1538 1642 1740 1915 1879 1759 1066 1186 1336 1103 BCNSPRNW ULIB Ver.6.0+V

เปลี่ยนเป็นภาษาไทย

Change to English
 แสดงรายละเอียดบรรณานุกรม
  กลับหน้าหลัก

Brief Record : Get Marc (ISO 2709) : E-mail record : QR code < ปิดหน้าต่าง
LEADER : 00000nam 2200000uu 4500
001    13399122860
003     ULIB
008    131022s2555||||th 000 0 tha d
020    ^a9789742473778
050  4 ^aDS520^bป526ร
100    ^aปัณณภัทร
245    ^aเราคืออาเซียน--สิงคโปร์ /^cปัณณภัทร
250    ^aพิมพ์ครั้งที่ 4
260    ^aกรุงเทพฯ :^bอมรินทร์คอมมิกส์,^c2555
300    ^a58 หน้า
440  0 ^aชุด เราคืออาเซียน
650  7 ^aประชาคมอาเซียน
650  7 ^aอาเซียน
650  7 ^aสิงคโปร์
945    ^p75^l0^i034081
999    ^aทศพร
รายการนี้ยังไม่มีแท็ก
คุณยังไม่ได้ล็อกอิน คุณสามารถมีกิจกรรมร่วมกับเว็บไซต์ได้ แต่ต้องล็อกอินก่อน ::
  ล็อกอิน

รายการสื่อสารสนเทศ

ลำดับที่ ประเภท เลขเรียก/บาร์โค้ด สถานที่ สถานะ
1. การศึกษาทั่วไป
หนังสือสำรอง
สถานะ=หนังสือสำรอง
DS520 ป526ร ฉ.1 
  Barcode: 034081
ห้องสมุดวิทยาเขตสวรรค์ประชารักษ์
►หนังสือทั่วไป
บนชั้น

รายการใกล้เคียง
    ผู้แต่ง [ปัณณภัทร]

    หัวเรื่อง [ประชาคมอาเซียน]
    หัวเรื่อง [อาเซียน]
    หัวเรื่อง [สิงคโปร์]

BibComment


ยังไม่เคยถูกคอมเมนท์

คอมเมนท์ทรัพยากรรายการนี้
  คอมเมนท์: เราคืออาเซียนสิง..


 Copyright 2026. Bcnsprnw @Library